• 首页
  • 本馆介绍
  • 公告通知
  • 最新文献
  • 馆藏检索
  • 电子资源
  • 读者导购
  • 参考咨询
  • 我的图书馆
  • 登录
  • 详细信息显示
  • 放入我的书架
  • 预约/预借图书
  • 作者相关作品
  • 分类相关作品
  • 丛书相关作品
  • 出版社相关作品

书目信息

  • 表格格式
  • 工作单格式
  • 卡片格式
题名:
剑与火
    
 
作者: ;外国史知识丛书编委会 编
分册: 第一册  
出版信息: 重庆   重庆出版社  1982
页数: 161页
开本: 19cm
丛书名:
单 册:
中图分类: E19 , E82
科图分类:
主题词: 战例--世界 , 战役学
电子资源:
ISBN:
000 00779nam0 2200277 45
001 0182008417
005 20040424155222.4
010    @dCNY0.451
091    @a11114.7(1)
100    @a19950703d1982 em y0chiy0121 ea
101 0  @achi
102    @aCN@b510000
105    @ay z 000yy
106    @ar
200 10 @a剑与火@Ajian yu huo@e世界战争集例@h第一册@f《外国史知识丛书》编委会编
210    @a重庆@c重庆出版社@d1982
215    @a161页@d19cm
517 1  @a世界战争集例@Ashi jie zhan zheng ji li
606    @a战例@y世界
606 0  @a战役学
690    @aE19@v3
690    @aE82
711 02 @a外国史知识丛书编委会@Awai guo shi zhi shi cong shu bian wei hui@4编
801  0 @aCN@b上海图书馆@c20040424
801  2 @aCN@bNLC@c20040424
905    @f2@b174779-780@dE82@e12:1
    
    剑与火:世界战争集例.第一册/《外国史知识丛书》编委会编.-重庆:重庆出版社,1982
    161页;19cm
    
    
    ISBN :CNY0.451
    
●
相关链接 在E读中查询图书 在五车中查询图书 在当当中查询图书 在豆瓣中查询图书


正题名:剑与火     索取号:E82/12:1         预约/预借

序号 登录号 条形码 馆藏地/架位号 状态 备注
1 0174779   001263661   第一借阅区/ [索取号:E82/12:1] 在馆    
2 0174780   001263670   第一借阅区/ [索取号:E82/12:1] 在馆    
3 0174781   001263689   第一样本阅览室/ [索取号:E82/12:1] 在馆    
唐山师范学院图书馆 欢迎您!
大连网信软件有限公司© 版权所有